[Event "SLO-chT (Women)"]
[Site "Maribor"]
[Date "2019.04.04"]
[Round "1.3"]
[White "Novak, Ksenija"]
[Black "Vidmar, Klara"]
[Result "1-0"]
[WhiteElo "2044"]
[BlackElo "1765"]
[PlyCount "103"]
[EventDate "2019.04.04"]
[EventType "team-tourn"]
[EventRounds "7"]
[EventCountry "SLO"]
[SourceTitle "CBM 190 Extra"]
[Source "ChessBase"]
[SourceDate "2019.07.15"]
[SourceVersion "1"]
[SourceVersionDate "2019.07.15"]
[SourceQuality "1"]
[WhiteTeam "Celjski (W)"]
[BlackTeam "Komenda (W)"]
[WhiteTeamCountry "SLO"]
[BlackTeamCountry "SLO"]

1. e4 c5 2. Nf3 Nc6 3. d4 cxd4 4. Nxd4 e5 5. Nb5 d6 6. N1c3 a6 7. Na3 b5 8. Nd5 Nf6 9. Bg5 Be7 10. Bxf6 Bxf6 11. c3 0-0 12. Nc2 Bg5 13. a4 bxa4 14. Rxa4 a5 15. Bc4 Rb8 16. b3 Kh8 17. Nce3 f5 18. exf5 Bxf5 19. Nxf5 Rxf5 20. Bd3 Rf8 21. Bc2 Qd7 22. Qd3 g6 23. h4 Bd8 24. h5 g5 25. Rh3 Rb7 26. Rf3 Rxf3 27. Qxf3 Qf7 28. Qd1 Ne7 29. Be4 Rb8 30. Ne3 Bc7 31. Rc4 Rf8 32. f3 Bb8 33. g4 Rd8 34. Nd5 Nxd5 35. Qxd5 Qxd5 36. Bxd5 Kg7 37. Kd2 Kf6 38. Kd3 h6 39. Rc6 Ke7 40. Ke4 Kf6 41. Ra6 Bc7 42. Ra7 Rd7 43. Bc4 Re7 44. Ra8 Kg7 45. Rg8+ Kh7 46. Rg6 Rg7 47. Rf6 Re7 48. Be6 Kg7 49. Rg6+ Kh7 50. Bf5 Rf7 51. Re6+ Kg7 52. Rg6+ 1-0

[Event "SLO-chT1 East"]
[Site "Slovenia"]
[Date "2016.09.25"]
[Round "3"]
[White "Spalir, Branko"]
[Black "Novak, Ksenija"]
[Result "1-0"]
[WhiteElo "2121"]
[BlackElo "2107"]
[PlyCount "109"]
[EventDate "2016.09.23"]
[EventType "team-tourn"]
[EventRounds "9"]
[EventCountry "SLO"]
[SourceTitle "EXT 2019"]
[Source "ChessBase"]
[SourceDate "2018.10.10"]
[SourceVersion "1"]
[SourceVersionDate "2018.10.10"]
[SourceQuality "1"]
[WhiteTeam "Slovenj Gradec"]
[BlackTeam "Celjski"]
[WhiteTeamCountry "SLO"]
[BlackTeamCountry "SLO"]

1. e4 d6 2. Nc3 Nf6 3. g3 e5 4. Bg2 Nc6 5. d3 Bg4 6. Nge2 Nd4 7. f4 h5 8. h3 Bf3 9. 0-0 Nxe2+ 10. Nxe2 Bxg2 11. Kxg2 Qd7 12. f5 0-0-0 13. Bg5 d5 14. Bxf6 gxf6 15. Nc3 dxe4 16. Nxe4 Qc6 17. h4 Bc5 18. Qe2 Rdg8 19. Kh3 Rg4 20. Rf3 Rhg8 21. Qd2 Rxe4 22. dxe4 Qxe4 23. Raf1 Qg4+ 24. Kh2 e4 25. Rc3 Rd8 26. Qg2 Bd6 27. Re3 Rg8 28. Rxe4 Qxg3+ 29. Qxg3 Rxg3 30. Kh1 Rh3+ 31. Kg1 Kd7 32. Rfe1 Be5 33. Rd1+ Bd6 34. Rd3 Rxd3 35. cxd3 Kc6 36. Kf2 Kd5 37. Ke3 Be5 38. d4 Bd6 39. Re8 Bg3 40. Rd8+ Kc6 41. Rh8 Bxh4 42. Rxh5 Bg5+ 43. Ke4 Kd6 44. Rh7 Ke7 45. Rh8 a5 46. Kd5 Be3 47. Rb8 b6 48. b3 Kd7 49. Rf8 c6+ 50. Ke4 Bg5 51. Rxf7+ Kd6 52. Rb7 b5 53. Ra7 Bd2 54. Ra6 Kc7 55. d5 1-0

[Event "SLO-chT (Women)"]
[Site "Domzale"]
[Date "2016.04.14"]
[Round "4.4"]
[White "Vucko, Maja"]
[Black "Novak, Ksenija"]
[Result "0-1"]
[WhiteElo "1895"]
[BlackElo "2076"]
[PlyCount "72"]
[EventDate "2016.04.01"]
[EventType "team-tourn"]
[EventRounds "7"]
[EventCountry "SLO"]
[SourceTitle "EXT 2019"]
[Source "ChessBase"]
[SourceDate "2018.10.10"]
[SourceVersion "1"]
[SourceVersionDate "2018.10.10"]
[SourceQuality "1"]
[WhiteTeam "Pomgrad Radenska (W)"]
[BlackTeam "Celjski (W)"]
[WhiteTeamCountry "SLO"]
[BlackTeamCountry "SLO"]

1. e4 c5 2. Nf3 Nc6 3. d4 cxd4 4. Nxd4 Nf6 5. Nc3 e5 6. Ndb5 d6 7. Nd5 Nxd5 8. exd5 Nb8 9. Be3 a6 10. Nc3 b5 11. a3 Be7 12. Be2 0-0 13. Qd3 Nd7 14. f4 f5 15. fxe5 Nxe5 16. Qd4 Bf6 17. Qd2 Rb8 18. 0-0 g5 19. b3 Rb7 20. Bd4 Rg7 21. Rae1 g4 22. g3 h5 23. Nd1 h4 24. Ne3 hxg3 25. hxg3 Bg5 26. Qc3 Qe8 27. Kg2 Bb7 28. Rd1 f4 29. Bxe5 f3+ 30. Bxf3 gxf3+ 31. Rxf3 Rxf3 32. Kxf3 dxe5 33. Nf5 Qh5+ 34. g4 Qh3+ 35. Ng3 Bf4 36. Rd3 Qxg3+ 0-1

[Event "SLO-chT1 East"]
[Site "Slovenia"]
[Date "2015.11.28"]
[Round "8"]
[White "Brinovec, David"]
[Black "Novak, Ksenija"]
[Result "0-1"]
[WhiteElo "2235"]
[BlackElo "2019"]
[PlyCount "70"]
[EventDate "2015.10.16"]
[EventType "team-tourn"]
[EventRounds "9"]
[EventCountry "SLO"]
[SourceTitle "EXT 2019"]
[Source "ChessBase"]
[SourceDate "2018.10.10"]
[SourceVersion "1"]
[SourceVersionDate "2018.10.10"]
[SourceQuality "1"]
[WhiteTeam "Zalec"]
[BlackTeam "Celje"]
[WhiteTeamCountry "SLO"]
[BlackTeamCountry "SLO"]

1. e4 d6 2. d4 Nf6 3. Nc3 e5 4. Nf3 Nbd7 5. Be2 Be7 6. 0-0 0-0 7. Qd3 c6 8. b3 b5 9. a3 a6 10. Nh4 exd4 11. Qxd4 c5 12. Qe3 Ne5 13. h3 Bb7 14. f4 Ng6 15. Nxg6 hxg6 16. e5 b4 17. Na4 Nd5 18. Qd3 dxe5 19. fxe5 Qc7 20. e6 f5 21. Bf3 Nf6 22. Bf4 Qxf4 23. Bxb7 Qe5 24. Rae1 Ne4 25. Bxa8 Rxa8 26. axb4 cxb4 27. Rf3 Qxe6 28. Qc4 Qxc4 29. bxc4 Rc8 30. c5 Bxc5+ 31. Nxc5 Rxc5 32. Ra1 a5 33. Rd3 Nc3 34. Rd2 a4 35. Rd4 Ne2+ 0-1

[Event "SLO-ch (Women)"]
[Site "Ljubljana"]
[Date "2015.04.29"]
[Round "5"]
[White "Novak, Ksenija"]
[Black "Orehek, Spela"]
[Result "1-0"]
[WhiteElo "2047"]
[BlackElo "2102"]
[PlyCount "87"]
[EventDate "2015.04.25"]
[EventType "tourn"]
[EventRounds "9"]
[EventCountry "SLO"]
[SourceTitle "EXT 2019"]
[Source "ChessBase"]
[SourceDate "2018.10.10"]
[SourceVersion "1"]
[SourceVersionDate "2018.10.10"]
[SourceQuality "1"]

1. e4 e5 2. Nf3 d6 3. d4 Nd7 4. Bc4 c6 5. dxe5 dxe5 6. c3 Qc7 7. a4 Be7 8. 0-0 Ngf6 9. Ng5 0-0 10. Nxf7 Nb6 11. Ba2 Rxf7 12. a5 Nbd5 13. exd5 cxd5 14. Bxd5 Nxd5 15. Qxd5 Bf5 16. Be3 Rd8 17. Qb3 Bc5 18. Nd2 Bd3 19. Rfe1 e4 20. Kh1 Bxe3 21. Rxe3 Qf4 22. Rae1 Qxf2 23. Nxe4 Qxe3 24. Nf6+ gxf6 25. Rxe3 Bc4 26. Qc2 Rfd7 27. h3 Bd3 28. Qb3+ Kg7 29. Rg3+ Bg6 30. h4 Kf8 31. h5 Bf7 32. Qb4+ Re7 33. Qf4 Rd5 34. Qxf6 Rxh5+ 35. Kg1 Ke8 36. Qh8+ Kd7 37. Rd3+ Ke6 38. Re3+ Kd7 39. Qd4+ Rd5 40. Rxe7+ Kxe7 41. Qxa7 Rd1+ 42. Kh2 Bd5 43. c4 Bc6 44. Qe3+ 1-0

[Event "SLO-ch (Women)"]
[Site "Ljubljana"]
[Date "2015.04.25"]
[Round "1"]
[White "Unuk, Laura"]
[Black "Novak, Ksenija"]
[Result "1-0"]
[WhiteElo "2168"]
[BlackElo "2047"]
[PlyCount "83"]
[EventDate "2015.04.25"]
[EventType "tourn"]
[EventRounds "9"]
[EventCountry "SLO"]
[SourceTitle "EXT 2019"]
[Source "ChessBase"]
[SourceDate "2018.10.10"]
[SourceVersion "1"]
[SourceVersionDate "2018.10.10"]
[SourceQuality "1"]

1. d4 d5 2. c4 c6 3. Nf3 Nf6 4. e3 g6 5. Nc3 Bg7 6. Bd3 0-0 7. 0-0 Nbd7 8. b4 dxc4 9. Bxc4 Nb6 10. Bb3 Nfd5 11. Nxd5 cxd5 12. Ne5 Be6 13. b5 Nc4 14. Nd3 Bf5 15. Nb4 Qd6 16. Bd2 Rfc8 17. Rc1 Rc7 18. Bxc4 dxc4 19. Bc3 Rd8 20. Qf3 Be6 21. e4 Bxd4 22. Rcd1 Qc5 23. Nd5 Rxd5 24. exd5 Bxd5 25. Rxd4 Qxd4 26. Bxd4 Bxf3 27. gxf3 c3 28. Rc1 c2 29. Kf1 b6 30. Ke2 e5 31. Be3 Kg7 32. Kd3 Rd7+ 33. Kxc2 h5 34. Rd1 Rc7+ 35. Kb3 Kf6 36. Kb4 h4 37. Rg1 Rc2 38. Kb3 Re2 39. Rg4 h3 40. Rh4 Re1 41. Rxh3 Rb1+ 42. Ka4 1-0

[Event "SLO-chT (Women)"]
[Site "Ljubljana"]
[Date "2015.04.11"]
[Round "6.1"]
[White "Rakic, Marija"]
[Black "Novak, Ksenija"]
[Result "1-0"]
[WhiteElo "2336"]
[BlackElo "2067"]
[PlyCount "89"]
[EventDate "2015.03.12"]
[EventType "team-tourn"]
[EventRounds "7"]
[EventCountry "SLO"]
[SourceTitle "EXT 2019"]
[Source "ChessBase"]
[SourceDate "2018.10.10"]
[SourceVersion "1"]
[SourceVersionDate "2018.10.10"]
[SourceQuality "1"]
[WhiteTeam "Ptuj (W)"]
[BlackTeam "Celje (W)"]
[WhiteTeamCountry "SLO"]
[BlackTeamCountry "SLO"]

1. d4 d5 2. c4 c6 3. Nf3 Nf6 4. Nc3 e6 5. e3 Nbd7 6. Qc2 Bd6 7. e4 dxe4 8. Nxe4 Bb4+ 9. Bd2 Qe7 10. 0-0-0 0-0 11. Bg5 h6 12. Bh4 Ba5 13. Ne5 Bc7 14. Nxd7 Bxd7 15. Nxf6+ gxf6 16. Qe4 f5 17. Bxe7 fxe4 18. Bxf8 Kxf8 19. Be2 Ke7 20. g3 b5 21. f3 exf3 22. Bxf3 bxc4 23. Be2 c5 24. d5 Ba4 25. Bf3 Bxd1 26. d6+ Bxd6 27. Bxa8 Ba4 28. Re1 Kd7 29. Re4 Bc6 30. Bxc6+ Kxc6 31. Rxc4 Kd5 32. Ra4 Bb8 33. Rh4 f5 34. Kc2 e5 35. b3 e4 36. Kd1 c4 37. bxc4+ Kxc4 38. Ke2 Kb4 39. Rxh6 f4 40. gxf4 Bxf4 41. Rh4 Bc1 42. Rxe4+ Ka3 43. Kd3 a5 44. h4 a4 45. Kc2 1-0

[Event "Nicolosi Etna op 1st"]
[Site "Nicolosi"]
[Date "2014.12.06"]
[Round "3"]
[White "Novak, Ksenija"]
[Black "Lo Piccolo, Antonino"]
[Result "1-0"]
[WhiteElo "2087"]
[BlackElo "1875"]
[PlyCount "63"]
[EventDate "2014.12.05"]
[EventType "swiss"]
[EventRounds "7"]
[EventCountry "ITA"]
[SourceTitle "CBM 163 Extra"]
[Source "ChessBase"]
[SourceDate "2014.12.23"]
[SourceVersion "1"]
[SourceVersionDate "2014.12.23"]
[SourceQuality "1"]

1. Nf3 d5 2. d4 Nf6 3. c4 dxc4 4. e3 e6 5. Bxc4 c5 6. 0-0 a6 7. a4 Nc6 8. Nc3 Be7 9. Qe2 cxd4 10. exd4 Nxd4 11. Nxd4 Qxd4 12. Rd1 Qg4 13. f3 Qh5 14. g4 Bc5+ 15. Kg2 Qh4 16. b4 Bxb4 17. Bb5+ axb5 18. Qxb5+ Bd7 19. Qxb4 Bc6 20. Rd4 h5 21. Nb5 Bxf3+ 22. Kg1 Nd5 23. Nd6+ Kd7 24. Qxb7+ Kxd6 25. Bf4+ e5 26. Qb6+ Ke7 27. Qc5+ Ke6 28. Qc6+ Ke7 29. Bxe5 Rhd8 30. Qc5+ Ke6 31. Bg3 Qg5 32. Re1+ 1-0

[Event "Nicolosi Etna op 1st"]
[Site "Nicolosi"]
[Date "2014.12.06"]
[Round "2"]
[White "Vesce, Emanuele"]
[Black "Novak, Ksenija"]
[Result "1-0"]
[WhiteElo "1895"]
[BlackElo "2087"]
[PlyCount "109"]
[EventDate "2014.12.05"]
[EventType "swiss"]
[EventRounds "7"]
[EventCountry "ITA"]
[SourceTitle "CBM 163 Extra"]
[Source "ChessBase"]
[SourceDate "2014.12.23"]
[SourceVersion "1"]
[SourceVersionDate "2014.12.23"]
[SourceQuality "1"]

1. d4 d5 2. c4 e6 3. g3 Nf6 4. Nf3 Be7 5. Bg2 Nbd7 6. 0-0 0-0 7. Qc2 c5 8. Rd1 Ne4 9. Ne5 cxd4 10. Nxd7 Bxd7 11. cxd5 exd5 12. Qb3 Bc6 13. Nd2 Bc5 14. Qd3 Re8 15. Nb3 Bb6 16. Nxd4 Qf6 17. Be3 Nc5 18. Qc2 Ne4 19. Rac1 Rac8 20. Qb3 Nc5 21. Qa3 Ne6 22. Nxe6 Bxe3 23. Qxe3 fxe6 24. b4 b6 25. Bh3 Bd7 26. Rxc8 Rxc8 27. Rc1 Rxc1+ 28. Qxc1 Qe5 29. Qc2 d4 30. Bg2 Bb5 31. Qc8+ Kf7 32. Qb7+ Kf6 33. Qf3+ Qf5 34. Kf1 Ke5 35. Qxf5+ exf5 36. Ke1 d3 37. e3 Bc4 38. a3 Bd5 39. Bf1 Bc4 40. Kd2 Ke4 41. Bg2+ Ke5 42. f4+ Kd6 43. Bf1 g6 44. Bg2 a5 45. Bf1 axb4 46. axb4 Kc6 47. Bxd3 Ba2 48. Kc3 Kd5 49. Bc2 Bc4 50. Bd1 b5 51. Bf3+ Kd6 52. Kd4 Bb3 53. Be2 Ba4 54. Bd3 h6 55. Be2 1-0

[Event "SLO-chT1 East"]
[Site "Celje"]
[Date "2014.10.19"]
[Round "9"]
[White "Bratkovic, Jakob"]
[Black "Novak, Ksenija"]
[Result "1-0"]
[WhiteElo "2086"]
[BlackElo "2078"]
[PlyCount "109"]
[EventDate "2014.10.09"]
[EventType "team-tourn"]
[EventRounds "9"]
[EventCountry "SLO"]
[SourceTitle "EXT 2019"]
[Source "ChessBase"]
[SourceDate "2018.10.10"]
[SourceVersion "1"]
[SourceVersionDate "2018.10.10"]
[SourceQuality "1"]
[WhiteTeam "Maribor ZSK II"]
[BlackTeam "Celje"]
[WhiteTeamCountry "SLO"]
[BlackTeamCountry "SLO"]

1. e4 c5 2. Nf3 e6 3. d4 cxd4 4. Nxd4 Nf6 5. Nc3 Nc6 6. Ndb5 d6 7. Bf4 e5 8. Bg5 a6 9. Na3 b5 10. Nd5 Be7 11. Bxf6 Bxf6 12. c4 b4 13. Nc2 a5 14. Qf3 Be6 15. Rd1 Bxd5 16. cxd5 Na7 17. Ne3 0-0 18. Bd3 Bg5 19. 0-0 Rc8 20. Rc1 Rc7 21. Ba6 Qb8 22. Rxc7 Qxc7 23. Nf5 Qb6 24. Bc4 g6 25. Qg4 Bf6 26. Ne3 h5 27. Qf3 Bg5 28. Nd1 Nb5 29. Qd3 Nd4 30. Kh1 f5 31. Qg3 Qd8 32. h4 Bf6 33. Qxg6+ Bg7 34. Qxh5 fxe4 35. Ne3 Rf4 36. g3 Qc8 37. Kg2 Rf3 38. b3 Nf5 39. Nxf5 Qxf5 40. Qxf5 Rxf5 41. Re1 e3 42. Rxe3 Bh6 43. Re4 Rf8 44. Rg4+ Kf7 45. Bd3 Rc8 46. Rc4 Rxc4 47. Bxc4 e4 48. Kh3 Kf6 49. Kg4 Bd2 50. f4 exf3 51. Kxf3 Be1 52. Kf4 Bd2+ 53. Kg4 Kg6 54. Bd3+ Kh6 55. Kh3 1-0

[Event "SLO-chT1 East"]
[Site "Celje"]
[Date "2014.10.17"]
[Round "6"]
[White "Amon, Nejc"]
[Black "Novak, Ksenija"]
[Result "1/2-1/2"]
[WhiteElo "1930"]
[BlackElo "2078"]
[PlyCount "75"]
[EventDate "2014.10.09"]
[EventType "team-tourn"]
[EventRounds "9"]
[EventCountry "SLO"]
[SourceTitle "EXT 2019"]
[Source "ChessBase"]
[SourceDate "2018.10.10"]
[SourceVersion "1"]
[SourceVersionDate "2018.10.10"]
[SourceQuality "1"]
[WhiteTeam "Sentjur"]
[BlackTeam "Celje"]
[WhiteTeamCountry "SLO"]
[BlackTeamCountry "SLO"]

1. e4 e5 2. Nf3 Nc6 3. d4 exd4 4. Nxd4 Nf6 5. Nc3 Bb4 6. Nxc6 bxc6 7. Bd3 d5 8. exd5 cxd5 9. 0-0 0-0 10. Bg5 c6 11. Na4 Be7 12. c3 h6 13. Bh4 Re8 14. Re1 Be6 15. Bc2 Nd7 16. Bxe7 Rxe7 17. Qd3 Nf6 18. Qd4 Qd6 19. Qe5 Qxe5 20. Rxe5 Nd7 21. Re2 Rae8 22. Rae1 Kf8 23. f4 Bg4 24. Rxe7 Rxe7 25. Rxe7 Kxe7 26. Kf2 Kf6 27. h3 Bf5 28. Bxf5 Kxf5 29. Kf3 g5 30. g4+ Ke6 31. b4 Kd6 32. Ke3 f6 33. a3 Nf8 34. Nc5 Ng6 35. Nd3 Nf8 36. Nc5 Ng6 37. Nd3 Nf8 38. Nc5 1/2-1/2

[Event "Olympiad Women-41"]
[Site "Tromsoe"]
[Date "2014.08.03"]
[Round "2.4"]
[White "Novak, Ksenija"]
[Black "Saric, Zrinka"]
[Result "0-1"]
[WhiteElo "2074"]
[BlackElo "2113"]
[PlyCount "118"]
[EventDate "2014.08.02"]
[EventType "team-swiss"]
[EventRounds "11"]
[EventCountry "NOR"]
[SourceTitle "CBM 162"]
[Source "ChessBase"]
[SourceDate "2014.09.17"]
[SourceVersion "1"]
[SourceVersionDate "2014.09.17"]
[SourceQuality "1"]
[WhiteTeam "Slovenia (W)"]
[BlackTeam "Croatia (W)"]
[WhiteTeamCountry "SLO"]
[BlackTeamCountry "CRO"]

1. Nf3 c5 2. c4 Nc6 3. Nc3 g6 4. e3 Nf6 5. d4 cxd4 6. exd4 d6 7. d5 Nb8 8. Be2 Bg7 9. 0-0 0-0 10. Be3 Nbd7 11. Bd4 b6 12. b4 Bb7 13. Rc1 Rc8 14. h3 Qc7 15. Be3 a6 16. a4 Rfe8 17. Qd2 e5 18. dxe6 fxe6 19. Rfd1 Qb8 20. Bf4 e5 21. Bg5 Bf8 22. Qe3 Be7 23. Bxf6 Nxf6 24. Nh2 Ba8 25. Ng4 Nxg4 26. Bxg4 Rcd8 27. Be6+ Kg7 28. Bd5 h6 29. Qe4 Bg5 30. Rc2 Bxd5 31. Qxd5 Qc7 32. Ne4 Be7 33. Rcd2 Rf8 34. Qe6 Rf4 35. Qd5 Rff8 36. Qe6 Rf4 37. Qd5 Rff8 38. g3 Qc8 39. Kg2 Rf7 40. Qd3 Bf8 41. Qd5 Qf5 42. Nc3 Be7 43. Qe4 Rc8 44. Qe2 Bg5 45. Rc2 Rxc4 46. Rxd6 Rfc7 47. Rxb6 Rxc3 48. Rxc3 Rxc3 49. Rxa6 Be7 50. Ra5 Bxb4 51. Qxe5+ Qxe5 52. Rxe5 Ra3 53. f4 Rxa4 54. g4 Bd6 55. Re2 Rxf4 56. Rc2 Kf6 57. Re2 Rd4 58. Rc2 Rd3 59. Rc6 Ke6 0-1

[Event "Pula op 28th"]
[Site "Pula"]
[Date "2014.06.08"]
[Round "2"]
[White "Schnider, Gert"]
[Black "Novak, Ksenija"]
[Result "1-0"]
[WhiteElo "2354"]
[BlackElo "2086"]
[PlyCount "75"]
[EventDate "2014.06.07"]
[EventType "swiss"]
[EventRounds "9"]
[EventCountry "CRO"]
[SourceTitle "CBM 160 Extra"]
[Source "ChessBase"]
[SourceDate "2014.07.01"]
[SourceVersion "1"]
[SourceVersionDate "2014.07.01"]
[SourceQuality "1"]

1. c4 e5 2. g3 d5 3. cxd5 Qxd5 4. Nf3 Nf6 5. Nc3 Qa5 6. Bg2 Be7 7. 0-0 0-0 8. a3 e4 9. Ne1 Bf5 10. d3 Rd8 11. Qb3 exd3 12. Bxb7 dxe2 13. Nxe2 Nbd7 14. Bxa8 Rxa8 15. Ng2 Bg4 16. Nd4 Qc5 17. Be3 Rb8 18. Qc3 Ne5 19. f4 Nc4 20. Rac1 Nxe3 21. Qxe3 Nd5 22. Qf2 Qd6 23. Nc6 Rb3 24. Nxe7+ Qxe7 25. Rfe1 Qd7 26. Ne3 Nxe3 27. Rxe3 Rxe3 28. Qxe3 h5 29. Re1 Kh7 30. Qxa7 Qd2 31. Qf2 Qd5 32. h4 g6 33. Qe3 Bh3 34. Re2 Qd1+ 35. Kh2 Be6 36. Rd2 Qc1 37. Re2 Bd5 38. Qxc1 1-0

[Event "SLO-ch (Women)"]
[Site "Radenci"]
[Date "2014.05.04"]
[Round "9"]
[White "Novak, Ksenija"]
[Black "Skuhala, Barbara"]
[Result "1-0"]
[WhiteElo "2101"]
[BlackElo "1870"]
[PlyCount "119"]
[EventDate "2014.04.26"]
[EventType "tourn"]
[EventRounds "9"]
[EventCountry "SLO"]
[SourceTitle "EXT 2019"]
[Source "ChessBase"]
[SourceDate "2018.10.10"]
[SourceVersion "1"]
[SourceVersionDate "2018.10.10"]
[SourceQuality "1"]

1. Nf3 Nf6 2. c4 e6 3. Nc3 b6 4. e4 Bb7 5. e5 Ne4 6. Bd3 Nxc3 7. dxc3 Be7 8. Bf4 c5 9. h4 h6 10. Qe2 Nc6 11. 0-0-0 Qc7 12. Rhg1 0-0-0 13. g4 f6 14. Bg3 fxe5 15. Nxe5 Nxe5 16. Bxe5 Bd6 17. Bxg7 Rhg8 18. Bxh6 Bf4+ 19. Bxf4 Qxf4+ 20. Qe3 Rxg4 21. Rxg4 Qxg4 22. Qg3 Qh5 23. Qf4 e5 24. Qg5 Rh8 25. Bf5 Bc6 26. Rd6 Kc7 27. Qf6 Qe8 28. Bg6 Qf8 29. Qxf8 Rxf8 30. Rd2 Rh8 31. h5 Bf3 32. Rd3 e4 33. Rd5 Rf8 34. h6 e3 35. fxe3 Bxd5 36. cxd5 Rh8 37. h7 Kd6 38. e4 Ke5 39. Kc2 d6 40. Kb3 a6 41. a4 Kf6 42. Bf5 Rb8 43. Kc4 b5+ 44. axb5 axb5+ 45. Kd3 Kg7 46. e5 dxe5 47. Ke4 Re8 48. Bd7 Rf8 49. Bxb5 Rf2 50. Kxe5 Rxb2 51. c4 Kxh7 52. Kd6 Kg7 53. Kxc5 Kf7 54. Kd6 Rb4 55. Kc7 Rb1 56. d6 Rd1 57. c5 Rd4 58. c6 Ke6 59. d7 Ke7 60. Kc8 1-0

[Event "SLO-ch (Women)"]
[Site "Radenci"]
[Date "2014.04.29"]
[Round "4"]
[White "Novak, Ksenija"]
[Black "Vidic, Teja"]
[Result "1-0"]
[WhiteElo "2101"]
[BlackElo "1927"]
[PlyCount "103"]
[EventDate "2014.04.26"]
[EventType "tourn"]
[EventRounds "9"]
[EventCountry "SLO"]
[SourceTitle "EXT 2019"]
[Source "ChessBase"]
[SourceDate "2018.10.10"]
[SourceVersion "1"]
[SourceVersionDate "2018.10.10"]
[SourceQuality "1"]

1. Nf3 Nf6 2. c4 g6 3. Nc3 Bg7 4. d4 d5 5. e3 0-0 6. cxd5 Nxd5 7. Bc4 Nxc3 8. bxc3 c5 9. 0-0 Nc6 10. Ba3 cxd4 11. cxd4 Qa5 12. Qb3 Bg4 13. Bd5 Rac8 14. Rfc1 Qa6 15. Ng5 Na5 16. Bxf7+ Kh8 17. Qd5 Rcd8 18. Qe4 Bf5 19. Qh4 h6 20. Bxe7 Rc8 21. Bxf8 Rxf8 22. e4 Bc8 23. e5 Nc6 24. e6 Bxe6 25. Bxe6 Nxd4 26. Nf7+ Kh7 27. Bc4 b5 28. Ng5+ Kh8 29. Rd1 Qf6 30. Bd3 Kg8 31. Rac1 hxg5 32. Qg3 Qf4 33. Kf1 Be5 34. Qxf4 Bxf4 35. Rb1 Be3 36. Rb2 a6 37. Bxg6 Nc6 38. Be4 Ne5 39. f3 g4 40. Ke2 gxf3+ 41. Bxf3 Re8 42. Kf1 Rf8 43. Re2 Bf4 44. Kg1 Kg7 45. Rd5 Nc4 46. Re6 Be3+ 47. Kf1 Bb6 48. Rd7+ Rf7 49. Rxf7+ Kxf7 50. Bd5 Bd8 51. Rxa6+ Ke7 52. Bxc4 1-0

[Event "Bosnjaci op 19th"]
[Site "Bosnjaci"]
[Date "2014.01.05"]
[Round "4"]
[White "Burovic, Ismet"]
[Black "Novak, Ksenija"]
[Result "1-0"]
[WhiteElo "2372"]
[BlackElo "2069"]
[PlyCount "91"]
[EventDate "2014.01.03"]
[EventType "swiss"]
[EventRounds "9"]
[EventCountry "CRO"]
[SourceTitle "CBM 158 Extra"]
[Source "ChessBase"]
[SourceDate "2014.02.28"]
[SourceVersion "1"]
[SourceVersionDate "2014.02.28"]
[SourceQuality "1"]

1. e4 d6 2. f4 e5 3. d3 Nc6 4. Nf3 Nf6 5. Be2 Be7 6. 0-0 0-0 7. c4 Nd4 8. Nxd4 exd4 9. g4 c6 10. Nd2 a6 11. Kh1 b5 12. b3 Bb7 13. g5 Nd7 14. Nf3 c5 15. f5 Re8 16. h4 Ne5 17. Nxe5 dxe5 18. f6 Bf8 19. fxg7 Bxg7 20. Bg4 Bc8 21. Bd2 Bxg4 22. Qxg4 Qc8 23. Rf5 Ra7 24. h5 Qc6 25. Rf6 Re6 26. Rc1 b4 27. a3 a5 28. a4 Rc7 29. Be1 Rxf6 30. gxf6 Qxf6 31. Bh4 Qf4 32. Qxf4 exf4 33. Rf1 Be5 34. Bg5 f6 35. Bxf4 Rg7 36. Bh6 Rg3 37. Rg1 Kf7 38. Rxg3 Bxg3 39. Kg2 Bd6 40. Kf3 Ke6 41. Kg4 Be7 42. Bf4 Bd8 43. Bb8 Bb6 44. Kf4 Bd8 45. Ba7 Bc7+ 46. Kg4 1-0